000 01074 a2200241 4500
001 56578
005 20260407155830.0
008 260407a1975 arg spa d
003 AR-UNSa-BCEJYS
040 _aAR-UNSa-BCEJYS
_bspa
_cAR-UNSa-BCEJYS
080 _a911.3:63
_xGeografía Agraria
245 1 0 _aGeografía Agraria
_ptipos de cultivos
020 _a84-282-0429-2
250 _a2a. ed.
264 1 _aBarcelona :
_bEdiciones Omega
_c1975
300 _a354 p.
_c21 cm.
505 _a1. Formas primitivas de la vida agrícola.Las cosechas silvestres - 2. Los cultivos itinerantes - 3. Los cultivos sedentarios con barbechos - 4. Los cultivos continuados por acumulación del trabajo humano - 5. Los cultivos intensivos por rotación. La agricultura científica - 6. Cultivos básicos alimenticios:Los cereales - 7. Los cultivos para la ganadería - 8. Huertas y vergeles - 9. La viña - 10. Los cultivos para la industria
041 _aspa
942 _cBK
590 _aniveau_biblio:m niveau_hierar:0
100 1 _aFaucher, Daniel
700 1 _aMartínez, Rafael
999 _c5994
_d5994